[Event "AUTO-INT-3623"]
[Site "http://www.queenalice.com/game.php?id=1639019"]
[Date "2021.1.6"]
[Round "1"]
[White "Elcid"]
[Black "ThiagoSousa"]
[Result "1-0"]
[WhiteElo "1550"]
[BlackElo "1503"]

1. d4 d6 2. Bf4 Nf6 3. Nc3 g6 4. e4 Bg7 5. Qd2 O-O 6. O-O-O c6 7. Bh6 Bxh6 8.
Qxh6 Ng4 9. Qh4 e5 10. Qg3 Qg5+ 11. Kb1 Nd7 12. Nf3 Qf4 13. Qh4 Ndf6 14. h3 exd4
15. Rxd4 d5 16. hxg4 Nxe4 17. Qxh7# 1-0

[Event "AUTO-INT-3623"]
[Site "http://www.queenalice.com/game.php?id=1639020"]
[Date "2021.1.6"]
[Round "1"]
[White "ThiagoSousa"]
[Black "Elcid"]
[Result "0-1"]
[WhiteElo "1500"]
[BlackElo "1650"]

1. e4 c5 2. Nf3 g6 3. Bc4 Nc6 4. O-O Bg7 5. Nc3 d6 6. a3 Nf6 7. b3 O-O 8. Qe2
Bg4 9. h3 Bd7 10. Bb2 a6 11. Bd5 Nxd5 12. exd5 Na7 13. Ra2 b5 14. Ne4 f6 15. a4
Rb8 16. axb5 Bxb5 17. d3 Nc8 18. c4 Bd7 19. Rxa6 Rxb3 20. Bc1 Nb6 21. Qa2 Rxd3
22. Qa5 Nxc4 23. Qxd8 Rxd8 24. Bd2 Nxd2 25. Nfxd2 f5 26. Nxd6 Rxd2 27. Nb7 Rc8
28. d6 e5 29. Rc1 c4 30. Kf1 Bb5 31. Ra3 c3+ 32. Ke1 e4 33. Rcxc3 Bxc3 34. Ra7
Ra2+ 35. Kd1 Rxa7 36. d7 Bxd7 37. Nd6 Ra1+ 38. Kc2 Be5+ 39. Kb3 Rb8+ 40. Kc4
Rc1+ 41. Kd5 Bxd6 42. Kxd6 Ba4 43. Ke6 Kg7 44. g3 Rd1 45. Ke5 Re8+ 46. Kf4 Kf6
47. f3 e3 48. g4 e2 49. g5+ Kg7 50. h4 e1=Q 0-1

[Event "AUTO-INT-3623"]
[Site "http://www.queenalice.com/game.php?id=1639027"]
[Date "2021.1.6"]
[Round "1"]
[White "ThiagoSousa"]
[Black "vincenzo"]
[Result "0-1"]
[WhiteElo "1503"]
[BlackElo "1635"]

1. e4 e5 2. Nf3 d6 3. Bc4 h6 4. O-O Bg4 5. Nc3 a6 6. a3 Nf6 7. d3 Be7 8. b4 O-O
9. Bb2 Nc6 10. Nd5 Nxd5 11. Bxd5 Rb8 12. h3 Be6 13. c3 Bxd5 14. exd5 Na7 15. d4
exd4 16. Qxd4 b6 17. c4 Bf6 18. Qd2 Bxb2 19. Qxb2 b5 20. Qd4 Ra8 21. Rfe1 Re8
22. Rxe8+ Qxe8 23. Nh4 Nc8 24. cxb5 Qxb5 25. Nf5 f6 26. Qe4 Nb6 27. Qe6+ Kh8 28.
Qe7 Rg8 29. Qxc7 Nxd5 30. Qxd6 Nb6 31. Re1 Nc4 32. Qe6 Re8 33. Ne7 Nxa3 34. Ng6+
Kh7 35. Qxe8 Qxe8 36. Rxe8 Kxg6 37. Re6 Nc2 38. Rb6 h5 39. g3 Kg5 40. Kg2 h4 41.
Kf3 f5 42. g4 fxg4+ 43. hxg4 Ne1+ 44. Ke2 h3 45. Kxe1 h2 46. Rxa6 h1=Q+ 47. Ke2
Qe4+ 48. Kd1 Qd3+ 0-1

[Event "AUTO-INT-3623"]
[Site "http://www.queenalice.com/game.php?id=1639028"]
[Date "2021.1.6"]
[Round "1"]
[White "vincenzo"]
[Black "ThiagoSousa"]
[Result "1-0"]
[WhiteElo "1688"]
[BlackElo "1492"]

1. d4 d6 2. d5 Nf6 3. c4 g6 4. e3 Bg7 5. Bd3 O-O 6. Ne2 Bg4 7. h3 Bxe2 8. Qxe2
Nbd7 9. O-O b6 10. a3 Nc5 11. Nd2 a5 12. e4 a4 13. Nf3 Nb3 14. Ra2 Nh5 15. Bc2
Nxc1 16. Rxc1 Nf4 17. Qf1 Qd7 18. Ng5 e6 19. g3 Nh5 20. Bd1 Bf6 21. Bxh5 Bxg5
22. f4 Be7 23. Be2 c6 24. dxe6 Qxe6 25. Kg2 Qxe4+ 26. Bf3 Qd4 27. Bxc6 Rac8 28.
Bxa4 Qe4+ 29. Qf3 Rxc4 30. Qxe4 Rxe4 31. b4 d5 32. Bc6 Rd4 33. Re2 Bf6 34. Rcc2
Rd3 35. a4 Rd4 36. a5 Rxb4 37. a6 Rc4 38. a7 Rxc6 39. Rxc6 Bd4 40. Ra2 Ra8 41.
Rd6 b5 42. Rxd5 Bxa7 43. Rxb5 Rb8 44. Rxb8+ Bxb8 45. Ra8 f5 46. Rxb8+ Kg7 47.
Kf3 h6 48. Rb6 h5 49. h4 Kh6 50. Ke3 Kg7 51. Kd4 Kf7 52. Ke5 Kg7 53. Rb7+ Kh6
54. Kf6 g5 55. fxg5# 1-0

[Event "Challenge"]
[Site "http://www.queenalice.com/game.php?id=1639295"]
[Date "2021.1.8"]
[Round "-"]
[White "ThiagoSousa"]
[Black "carpio1969"]
[Result "0-1"]
[WhiteElo "1516"]
[BlackElo "1582"]

1. e4 e5 2. Nf3 d6 3. Bc4 Qf6 4. O-O Ne7 5. b3 b6 6. Bb2 Nbc6 7. d4 Ng6 8. dxe5
Ncxe5 9. Qd5 Rb8 10. Nxe5 Nxe5 11. Bxe5 dxe5 12. Bb5+ Ke7 13. Nd2 Qd6 14. Bc6
Be6 15. Qxd6+ Kxd6 16. Bb5 c5 17. Rad1 f6 18. Nc4+ Kc7 19. Ne3 Bd6 20. Nc4 Bxc4
21. Bxc4 a5 22. c3 g5 23. g3 h5 24. a3 h4 25. Kg2 Rbf8 26. f3 hxg3 27. hxg3 Rh5
28. g4 Rh4 29. b4 a4 30. Bb5 Rhh8 31. Bxa4 Ra8 32. Bb5 Rxa3 33. Rd3 Ra2+ 34. Kg3
Rah2 35. Rh1 R8h3# 0-1

[Event "AUTO-INT-3633"]
[Site "http://www.queenalice.com/game.php?id=1641649"]
[Date "2021.1.27"]
[Round "1"]
[White "SamuraiJOM"]
[Black "ThiagoSousa"]
[Result "1-0"]
[WhiteElo "1770"]
[BlackElo "1485"]

1. e4 c5 2. Bc4 g6 3. Nf3 Bg7 4. c3 e6 5. d4 cxd4 6. cxd4 Ne7 7. e5 O-O 8. h3 a6
9. O-O Qc7 10. Nbd2 b5 11. Bb3 Nbc6 12. Re1 Bb7 13. a4 Nb4 14. axb5 axb5 15.
Rxa8 Rxa8 16. Ne4 Bxe4 17. Rxe4 Qc6 18. Re3 Ned5 19. Re1 Ra1 20. Qd2 Na2 21. Qa5
Nxc1 22. Qxa1 Nxb3 23. Qb1 Qc4 24. Rd1 b4 25. Qa2 Nf4 26. Nd2 Nxd2 27. Qxc4 Nxc4
28. b3 Nb2 29. Ra1 Ne2+ 30. Kf1 Nxd4 31. Ra8+ Bf8 32. Ra2 Nd3 33. Ra5 Nxb3 34.
Rb5 Nxe5 35. Rxe5 Bd6 36. Rb5 Nd2+ 37. Ke2 1-0

[Event "AUTO-INT-3633"]
[Site "http://www.queenalice.com/game.php?id=1641650"]
[Date "2021.1.27"]
[Round "1"]
[White "ThiagoSousa"]
[Black "SamuraiJOM"]
[Result "0-1"]
[WhiteElo "1490"]
[BlackElo "1765"]

1. e4 e5 2. Nf3 Nc6 3. Bb5 h6 4. b3 Bc5 5. Bb2 a6 6. Bc4 d6 7. O-O Be6 8. d4 Ba7
9. d5 Na5 10. Nbd2 Bg4 11. h3 Bh5 12. Be2 Nf6 13. Nxe5 dxe5 14. Bxe5 Bxe2 15.
Qxe2 Qe7 16. Bxf6 Qxf6 17. b4 Bd4 18. Rad1 b6 19. Nf3 Nc6 20. Nxd4 Nxd4 21. Qd3
Nb5 22. Rfe1 O-O 23. e5 Qg6 24. c4 Na7 25. e6 Qxd3 26. Rxd3 fxe6 27. Rxe6 Rfe8
28. Rg6 Kh7 29. Rdg3 Rg8 30. d6 cxd6 31. Rxd6 Nc8 32. Rc6 b5 33. cxb5 Ne7 34.
Rxa6 Rab8 35. a4 g5 36. b6 Nd5 37. Ra7+ Rg7 38. a5 Nxb4 0-1

[Event "AUTO-INT-3633"]
[Site "http://www.queenalice.com/game.php?id=1641665"]
[Date "2021.1.27"]
[Round "1"]
[White "ThiagoSousa"]
[Black "Ruusgugg"]
[Result "1-0"]
[WhiteElo "1489"]
[BlackElo "1431"]

1. e4 c5 2. Nf3 e6 3. Nc3 g5 4. d3 g4 5. Nh4 Qxh4 6. Be3 b6 7. g3 Qd8 8. Qxg4
Nc6 9. Bg5 f6 10. Bf4 e5 11. Be3 Nd4 12. f4 Nxc2+ 13. Kd2 Nxa1 14. fxe5 h5 15.
Qg6+ Ke7 16. Nd5+ Ke6 17. Bh3+ Kxe5 18. Bf4+ Kd4 19. Nc7 Ne7 20. Nb5# 1-0

[Event "AUTO-INT-3633"]
[Site "http://www.queenalice.com/game.php?id=1641666"]
[Date "2021.1.27"]
[Round "1"]
[White "Ruusgugg"]
[Black "ThiagoSousa"]
[Result "0-1"]
[WhiteElo "1457"]
[BlackElo "1475"]

1. e4 c5 2. f4 e6 3. Bc4 d5 4. exd5 exd5 5. Bd3 Be7 6. Nf3 Nf6 7. O-O c4 8. Be2
O-O 9. Ne5 Bd6 10. d4 Bxe5 11. dxe5 Ne4 12. b4 Nc6 13. b5 Ne7 14. a4 Bf5 15. Bb2
Qb6+ 16. Bd4 Qg6 17. h3 Ng3 18. Re1 Bxc2 19. Qc1 Qe4 20. Bf2 Nxe2+ 21. Rxe2 Qxe2
22. Nc3 Qd3 23. Na2 Nf5 24. Nb4 Qd1+ 25. Qxd1 Bxd1 26. Rxd1 c3 27. Rxd5 Rac8 28.
Nc2 Rc4 29. Bc5 Rc8 30. Bxa7 Rxf4 31. g4 g6 32. a5 Rf3 33. a6 bxa6 34. b6 Ne7
35. b7 Re8 36. b8=Q Rxb8 37. Bxb8 Nxd5 38. Kg2 Rd3 39. Ne1 Rd2+ 40. Kf3 c2 41.
Nxc2 Rxc2 42. Ke4 Nc3+ 43. Kd3 Rb2 44. Bd6 Nb5 45. Bc5 Rb3+ 46. Kc4 Rxh3 0-1

[Event "AUTO-INT-3640"]
[Site "http://www.queenalice.com/game.php?id=1643609"]
[Date "2021.2.14"]
[Round "1"]
[White "BobFicha"]
[Black "ThiagoSousa"]
[Result "1-0"]
[WhiteElo "1669"]
[BlackElo "1508"]

1. e4 c6 2. d4 d5 3. Nc3 dxe4 4. Nxe4 Nd7 5. Nf3 Ngf6 6. Bd3 g6 7. Be3 Bg7 8.
Qd2 O-O 9. Nxf6+ Nxf6 10. h3 b6 11. O-O c5 12. dxc5 bxc5 13. Bxc5 Bb7 14. Qe3
Bxf3 15. Qxf3 Nd5 16. Be4 Bxb2 17. Bxd5 Bxa1 18. Bxa8 Qxa8 19. Qxa8 Rxa8 20.
Rxa1 a6 21. Bxe7 Rc8 22. Bf6 Rc6 23. Bd4 Rxc2 24. Rb1 h6 25. Rb8+ Kh7 26. Rh8#
1-0

[Event "AUTO-INT-3640"]
[Site "http://www.queenalice.com/game.php?id=1643610"]
[Date "2021.2.14"]
[Round "1"]
[White "ThiagoSousa"]
[Black "BobFicha"]
[Result "0-1"]
[WhiteElo "1483"]
[BlackElo "1688"]

1. e4 e5 2. Nf3 Nc6 3. Bb5 Bd6 4. O-O Nf6 5. Nc3 O-O 6. d4 exd4 7. Nxd4 Nxd4 8.
Qxd4 Re8 9. Bg5 Be5 10. Qc5 b6 11. Qe3 c6 12. Bc4 h6 13. Bf4 Bxc3 14. Qxc3 Rxe4
15. Qf3 Rxc4 16. c3 Ba6 17. Rfd1 Nd5 18. Bg3 Qg5 19. b3 Rxc3 20. Rxd5 Rxf3 21.
Rxg5 hxg5 22. Rd1 Rd3 23. Re1 Rd2 24. h3 Rxa2 25. Re7 d5 26. f3 Ra1+ 27. Kh2 d4
28. b4 d3 29. Rd7 Ra2 30. Be5 d2 31. Bc3 d1=Q 32. Rxd1 Be2 33. Rd4 Bxf3 34. Kg3
Bxg2 35. Rg4 f6 36. h4 Ra3 37. hxg5 f5 38. Rf4 Be4 39. Kh4 Rxc3 0-1

[Event "AUTO-INT-3640"]
[Site "http://www.queenalice.com/game.php?id=1643624"]
[Date "2021.2.14"]
[Round "1"]
[White "ThiagoSousa"]
[Black "SGF"]
[Result "0-1"]
[WhiteElo "1490"]
[BlackElo "1715"]

1. e4 e5 2. Nf3 Qf6 3. Be2 d6 4. O-O Qg6 5. g3 h5 6. d3 h4 7. Nxh4 Rxh4 8. Kh1
Bh3 9. Rg1 Rh7 10. Nc3 c6 11. f4 Nd7 12. f5 Qf6 13. g4 Qh4 14. Be3 Ngf6 15. Qe1
Nxg4 16. Qxh4 Rxh4 17. Bg5 Nf2# 0-1